00493 2200193 4500001002100000005001500021008004100036020001800077035001900095041000700114082001200121090001800133100002300151245003400174260002200208300003000230500001000260650002900270INLIS00000000000345820241224112728241224||||||||| | ||| |||| || |  a979-23-9910-0 0010-1224003458 aid0 a704.947 a704.947 JUR m0 aKI Juru Bangunjiwo00aMisteri Pusaka-Pusaka Suharto bGalangpressc2007 a243 hlm. : ilus, ; 20 cm. aCet.1 0aIlmu Kesenian & Olahraga